Diseño de un banco entrenador de refrigeración y aire acondicionado que utilice refrigerante alternativo R-134a
La investigación presenta un diseño de un equipo entrenador de refrigeración que utilice refrigerante alternativo no agotador de la capa de osono. Compara las características físicas, químicas y termodinámica de las sustancias empleadas en refrigeración y aire acondicionado no agotadoras de...
| Main Authors: | , |
|---|---|
| Other Authors: | |
| Format: | Tesis Section = Libro |
| Language: | Undetermined Spanish |
| Published: |
Managua
UNI
2003
|
| Subjects: |
| LEADER | 01181nam a2200253Ia 4500 | ||
|---|---|---|---|
| 008 | 240830s9999 xx 000 0 und d | ||
| 040 | |a BIBLIOTECA-RUPAP Mon 621.56 G948 | ||
| 041 | |a spa | ||
| 082 | |a Mon 621.56 G948 | ||
| 100 | 1 | |a Guido Vásquez, Michael Antonio | |
| 100 | 1 | |b Rodríguez Peralta, Oscar Emilio | |
| 245 | 1 | 0 | |a Diseño de un banco entrenador de refrigeración y aire acondicionado que utilice refrigerante alternativo R-134a |
| 260 | |a Managua |b UNI |c 2003 | ||
| 300 | |a 139 p. :il. | ||
| 500 | |a Contiene: anexos . | ||
| 502 | |a Tesis (Ingeniero Mecánico)- UNI, 2003. | ||
| 520 | 3 | |a La investigación presenta un diseño de un equipo entrenador de refrigeración que utilice refrigerante alternativo no agotador de la capa de osono. Compara las características físicas, químicas y termodinámica de las sustancias empleadas en refrigeración y aire acondicionado no agotadoras de la capa de ozono con las sustancias agotadoras de la capa de ozono (SAO). | |
| 650 | 7 | |a REFRIGERACION | |
| 650 | 7 | |b AIRE ACONDICIONADO | |
| 650 | 7 | |c REFRIGERANTES | |
| 700 | 1 | |a Tutor: |b Ramírez Velásquez, Wilmer | |
| 942 | |c BK |2 ddc | ||
| 991 | |a TESIS | ||
| 999 | |c 15791 | ||